000 00397nam a2200109Ia 4500
008 220615s9999||||xx |||||||||||||| ||und||
245 0 _aReforming Education and Challenging Inequalities in Southern Contexts
_bResearch and Policy in International Development
546 _aEnglish[eng]
650 _aeducation
700 _aRose, Pauline||Arnot, Madeleine||Jeffery, Roger||Singal, Nidhi
942 _cEB
999 _c17121
_d17121